| 000 | 00706cam a22002172a 4500 | ||
|---|---|---|---|
| 001 | 011178 | ||
| 003 | AR-FADEU | ||
| 008 | 311216n1958####xxu####################dd | ||
| 092 |
_aA864.44 _bM385-2 |
||
| 100 | _aMartínez Estrada, Ezequiel | ||
| 245 | _aMuerte y transfiguración de Martín Fierro : ensayo de interpretación de la vida argentina | ||
| 250 | _a2a. ed | ||
| 260 | _aMéxico | ||
| 260 | _bFondo de Cultura Económica | ||
| 260 | _c1958 | ||
| 300 | _a2 V | ||
| 440 |
_aTierra firme _n43-44 |
||
| 500 | _aContiene: Tomo 1. El poema. -- Tomo 2. La frontera | ||
| 650 | _aLITERATURA-ARGENTINA; CRITICA LITERARIA; LITERATURA GAUCHESCA; HERNANDEZ, JOSE; MARTIN FIERRO | ||
| 942 | _cBDGR | ||
| 999 |
_c16957 _d16957 |
||